000 00588nam a2200169 a 4500
001 000015696
005 20200929164125.0
008 100217s19uu dr 001 0 spa d
040 _aDO-SdBNP
_bspa
_cBNPHU
082 _axxxx
_bT866n
100 1 _aTrujillo Molina, Héctor B.
_935367
245 1 0 _aNormas constitucionales sobre el Banco Central de la República Dominicana /
_cHéctor B. Trujillo Molina.
260 _a[Santo Domingo?] :
_b[s. e.],
_c[196?].
300 _a411 p. ;
_c26 cm.
500 _aIncluye referencias bibliográficas y notas al pie de las páginas
049 _aBNPD
999 _c15248
_d15248